Shogi Surnames - Statistics

General Stats
  • This quiz has been taken 2 times
  • The average score is 5 of 13
Answer Stats
Surname # Names % Correct
Satō 10 Yutaka, Shōhei, Daigorō, Yoshinori, Yasumitsu, Shūji, Shin'ya, Kazutoshi, Amahiko, Shin'ichi
100%
Abe 3 Takashi, Kenjirō, Kōru
50%
Itō 5 Hatasu, Hirofumi, Nō, Shingo, Takumi
50%
Katō 4 Jirō, Keizō, Hiroji, Hifumi
50%
Kimura 4 Yoshio, Yoshitaka, Yoshinori, Kazuki
50%
Masuda 3 Toshiji, Yūji, Yasuhiro
50%
Tanaka 3 Kaishū, Torahiko, Yūichi
50%
Yamamoto 4 Kusuo, Takeo, Shin'ya, Hiroshi
50%
Kitamura 3 Hidejirō, Masao, Fumio
0%
Kobayashi 3 Kenji, Hiroshi, Hiroshi
0%
Takada 3 Takeshi, Shōhei, Akihiro
0%
Watanabe 5 Tōichi, Akira, Masakazu, Hiromu, Kazushi
0%
Yoshida 3 Mutsuhiko, Toshikatsu, Masakazu
0%
No matching quizzes found
Score Distribution
Percent of People with Each Score
Percentile by Number Answered
Your Score History
You have not taken this quiz